000 00315nam a2200133Ia 4500
008 240624s9999 xx 000 0 und d
041 _aeng
082 _a823 CHR
100 _aCHRISTIE AGATHA
245 _aMURDER ON THE ORIENT EXPRESS
260 _aLondon
_bHarper
300 _a347 : p. : cm. ; 22
365 _cRS
999 _c26545
_d26545